000 01200nam a22002177a 4500
008 161012b xxu||||| |||| 00| 0 eng d
082 _a861.972.81
_bP344a
100 _aPedroza, Simón (Editor); Payeras, Javier; Marre, Alejandro; Pedroza, Simón.
_95554
245 _aAutomatica 9mm
_cPedroza, Simón (Editor); Payeras, Javier; Marre, Alejandro; Pedroza, Simón.
260 _aGuatemala
_bEdiciones Bizarras
_c2016
300 _aunpaged
_bill.
_c22 cm
440 _nsegunda Edición
_95555
505 _tZaliva de Mozka/ zaliva
_tPhoezia inzendiaria
_tKriztal akriliko fundido
_tHaliento de phoeta muerto
_tVómito de metáphora
_tPlazma Zolar Kon
_tMagnezia diluvian
_tLikido metaphóriko
_tZuztantivo imphola
_tZirkunztanzia im
_tZoluzión antiphoétika
_tLikido Vrtual Expirado
_tPhluído Exiztenzial
_tZwueñoz tormentozoz
_tBrebaje revelador
_tAmnezia Histórika
_tCinematographía
_tAlkohol mutante
_tEmulzión de fin de zia
653 _aLiteratura Contemporánea
653 _aPoesía
653 _aPoseía - Guatemala
653 _aPropuesta gráfica-poética
_aEdiciones Bizarras
700 _aPedroza, Simón
_95556
700 _a Payeras, Javier
_95557
700 _aMarre, Alejandro
_95558
999 _c1065
_d1065